MARC

LEADER 00000nab a2200000 a 4500
001 vtls010636632
003 SK-MaSNL
005 20260305031857.0
008 141119 2014 xo q 000 0 slo
038 |a PPPK 
040 |a PPPKCL  |b slo  |c PPPK  |e AACR2 
041 0 |a slo 
044 |a xo  |c SK 
080 |a 796.323.2  |x (437.671)  |2 2001 
245 0 0 |a Streetbal Bela Cup 2014 
300 |b Fotogr. 
500 |a Autor a fotograf článku nie sú uvedení. 
611 2 7 |a Streetball Belá Cup  |d (2014 :  |c Spišská Belá, Slovensko)  |2 pppkcl  |9 1610501 
648 7 |a 28.6.2014  |2 pppkcl  |9 1093415 
650 0 7 |a streetball  |2 pppkcl  |9 51684 
650 0 7 |a loptové hry  |2 pppkcl  |9 3288 
650 0 7 |a športové podujatia  |2 pppkcl  |9 346711 
651 7 |a Spišská Belá (Slovensko)  |2 pppkcl  |9 16198 
651 7 |a Kežmarok (Slovensko : okres)  |2 pppkcl  |9 51824 
773 0 |t Spišskobeliansky spravodaj  |g Roč. 12, č. 5 (2014), s. 19 
852 |a PPPK  |b KIS3GCP 
999 |c 3317841  |d 3319771